Rubens e il Suo Secolo (Record no. 1440)

MARC details
000 -CABECERA
campo de control de longitud fija 01043nam a2200241 a 4500
001 - NÚMERO DE CONTROL
campo de control BRCA_1638
005 - FECHA Y HORA DE LA ÚLTIMA TRANSACCIÓN
campo de control 20190320203504.0
008 - DATOS DE LONGITUD FIJA--INFORMACIÓN GENERAL
campo de control de longitud fija 220408s1999-------a---###---#000-0#ita-#
050 #4 - SIGNATURA TOPOGRÁFICA DE LA BIBLIOTECA DEL CONGRESO
Número de clasificación ND673.R8
Número de documento/Ítem .R83 1999
100 1# - ENTRADA PRINCIPAL--NOMBRE DE PERSONA
Nombre de persona Rubens, Peter Paul
Fechas asociadas al nombre 1577-1640
9 (RLIN) 5125
245 10 - MENCIÓN DE TÍTULO
Título Rubens e il Suo Secolo
Mención de responsabilidad, etc. a cura di Matías Díaz Padrón, Aída Padrón Mérida.
260 ## - PUBLICACIÓN, DISTRIBUCIÓN, ETC.
Lugar de publicación, distribución, etc. Ferrara, Italia
Nombre del editor, distribuidor, etc. Ferrara Arte
Fecha de publicación, distribución, etc. 1999
300 ## - DESCRIPCIÓN FÍSICA
Extensión 203 p.
Otras características físicas il. a color
Dimensiones 32 cm.
500 ## - NOTA GENERAL
Nota general Catálogo de la exposición realizada en el Museo Nacional de San Carlos (ciudad de México), 5 noviembre 1998 - 28 febrero 1999 y en Palazzo dei Diamanti, 28 marzo - 27 junio, 1999
500 ## - NOTA GENERAL
Nota general Incluye biografías de pintores
504 ## - NOTA DE BIBLIOGRAFÍA, ETC.
Nota de bibliografía, etc. Bibliografía : p. 195-202
600 14 - PUNTO DE ACCESO ADICIONAL DE MATERIA--NOMBRE DE PERSONA
Nombre de persona Rubens, Peter Paul
Fechas asociadas al nombre 1577-1640
Subdivisión de forma Exposiciones
9 (RLIN) 5126
650 14 - PUNTO DE ACCESO ADICIONAL DE MATERIA--TÉRMINO DE MATERIA
Término de materia o nombre geográfico como elemento de entrada Pintura flamenca
Subdivisión de forma Exposiciones
9 (RLIN) 5127
650 14 - PUNTO DE ACCESO ADICIONAL DE MATERIA--TÉRMINO DE MATERIA
Término de materia o nombre geográfico como elemento de entrada Pintura moderna
Subdivisión de forma Exposiciones
Subdivisión cronológica Siglo XVII
Subdivisión geográfica Bélgica (Alemania)
9 (RLIN) 5128
700 1# - PUNTO DE ACCESO ADICIONAL--NOMBRE DE PERSONA
Nombre de persona Díaz Padrón, Matías
9 (RLIN) 5129
700 1# - PUNTO DE ACCESO ADICIONAL--NOMBRE DE PERSONA
Nombre de persona Padrón Mérida, Aída
9 (RLIN) 5130
942 ## - ELEMENTOS DE PUNTO DE ACCESO ADICIONAL (KOHA)
Fuente del sistema de clasificación o colocación Library of Congress Classification
Tipo de ítem Koha Libros
Holdings
Estado de retiro Estado de pérdida Estado dañado No para préstamo Localización permanente Ubicación/localización actual Fecha de adquisición Total de préstamos Signatura topográfica completa Código de barras Fecha visto por última vez Precio válido a partir de Tipo de ítem Koha
El ejemplar forma parte de la colección y puede ser consultado según las políticas vigentes.       Biblioteca del Museo Franz Mayer (Rogerio Casas-Alatriste) Biblioteca del Museo Franz Mayer (Rogerio Casas-Alatriste) 27/06/2008   ND673.R8 .R83 1999 02211 22/03/2019 22/03/2019 Libros